Map of Portugal District Flags - Statistics

Estatísticas Gerais
  • Esse quiz foi jogado 17 vezes
  • A pontuação média é 10 de 20
Respostas no mapa
Respostas codificadas por cores de uma escala verde-vermelha no mapa do quiz de acordo com a % correta abaixo.
 
Estatísticas das Respostas
Resposta % Correto
69%
69%
63%
56%
56%
56%
56%
56%
50%
50%
50%
50%
44%
44%
44%
44%
38%
31%
31%
31%
Nenhum quiz correspondente encontrado
Distribuição das Pontuações
Porcentagem de Pessoas com Cada Pontuação
Percentil de Números Respondidos
Sua Pontuação Histórica
Você não jogou esse quiz